|
|
|
|
| LEADER |
01184nam a22002892i 4500 |
| 001 |
001560539 |
| 003 |
CZ BrMZK |
| 005 |
20170407103001.0 |
| 007 |
ta |
| 008 |
170116s1978 xr a er|||||||||||cze d |
| 015 |
|
|
|a cnb000413489
|
| 035 |
|
|
|a (OCoLC)42177115
|
| 040 |
|
|
|a ABA001
|b cze
|c CBA001
|d ABA001
|d BOA001
|e rda
|
| 080 |
9 |
|
|a 75/76(437) Nikl, F.(069) :92 Nikl, F.
|
| 100 |
1 |
|
|a Nikl, František,
|d 1935-2005
|7 jo2002105849
|4 art
|
| 245 |
1 |
0 |
|a František Nikl :
|b kresby a grafika : Oblastní galerie výtvarného umění v Gottwaldově : únor-březen 1978 /
|c [úvodní text:] Tomáš Mikuláštík
|
| 264 |
|
1 |
|a Gottwaldov :
|b Oblastní galerie výtvarného umění,
|c 1978
|
| 300 |
|
|
|a 4 nečíslované strany :
|b ilustrace ;
|c 8°
|
| 336 |
|
|
|a text
|b txt
|2 rdacontent
|
| 337 |
|
|
|a bez média
|b n
|2 rdamedia
|
| 338 |
|
|
|a svazek
|b nc
|2 rdacarrier
|
| 700 |
1 |
|
|a Mikulaštík, Tomáš,
|d 1948-
|7 jo2002142330
|4 wfw
|
| 910 |
|
|
|a BOA001
|b X-0785.600
|
| 990 |
|
|
|a BK
|
| 991 |
|
|
|b 201701
|
| 996 |
6 |
|
|b 2619184523
|c X-0785.600
|l MZK
|r Sklad / do 24 hodin
|n 0
|w 001595771
|u 000020
|a 1
|e BOA001
|j MZK50
|s P
|
| 996 |
7 |
|
|b 2619184524
|c X-0785.600
|l MZK
|r Sklad / do 24 hodin
|n 0
|w 001595771
|u 000010
|a 1
|e BOA001
|j MZK50
|s A
|